|
|
|
|
| LEADER |
00000cam a2200000 a 4500 |
| 001 |
vtls008921389 |
| 003 |
SK-MaSNL |
| 005 |
20260301124644.0 |
| 008 |
230501s1983 xr oa grn 001 0 cze |
| 015 |
|
|
|a SNBA1983
|
| 020 |
|
|
|q (viazané)
|
| 035 |
|
|
|a urn:nbn:sk:snk-am00ij9d
|
| 035 |
|
|
|a FEF34E48-49D7-45C0-A3AC-119D5984A8C6
|
| 040 |
|
|
|a SNK
|b slo
|c SNK
|e AACR2
|
| 041 |
0 |
|
|a cze
|
| 044 |
|
|
|a xr
|c CZ
|
| 072 |
|
7 |
|a 655
|x Polygrafia. Vydavateľstvá a knižný obchod
|2 konspekt
|
| 080 |
|
|
|a 655.3(091)
|2 2011
|
| 080 |
|
|
|a 003(091)
|2 2011
|
| 080 |
|
|
|a (048.8)
|2 2011
|
| 080 |
|
|
|a 655.1/.3
|2 2011
|
| 080 |
|
|
|a 003
|2 2011
|
| 100 |
1 |
|
|a Šalda, Jaroslav,
|d 1912-1989
|4 aut
|9 241412
|
| 245 |
1 |
0 |
|a Od rukopisu ke knize a časopisu
|c Jaroslav Šalda
|
| 250 |
|
|
|a 4. přeprac. vyd.
|
| 260 |
|
|
|a Praha
|b Státní nakladatelství technicke literatury
|c 1983
|
| 300 |
|
|
|a 364 strán, 4 nečíslované strany obrazových príloh
|b fotografie, ilustrácie (niektoré farebné)
|c 25 cm
|
| 366 |
|
|
|e 9200 výtl.
|
| 500 |
|
|
|a Súpis noriem, prehľad polygrafických podníkov a závodov
|
| 504 |
|
|
|a Bibliografia na strane 351-352, register
|
| 650 |
0 |
7 |
|a dejiny polygrafie
|2 SNKPH
|9 83707
|
| 650 |
0 |
7 |
|a písmo
|2 SNKPH
|9 71563
|
| 650 |
0 |
7 |
|a polygrafia
|2 SNKPH
|9 31181
|
| 650 |
0 |
7 |
|a dejiny písma
|2 SNKPH
|9 75240
|
| 655 |
|
7 |
|a monografie
|2 SNKPH
|9 70139
|
| 852 |
|
|
|a Slovenská národná knižnica
|
| 954 |
|
|
|a odborná, vedecká literatúra cudzojazyčná (svetová)
|2 lita
|
| 958 |
|
|
|a NB
|
| 958 |
|
|
|a OND
|
| 958 |
|
|
|a EUIPO
|
| 999 |
|
|
|c 740051
|d 741981
|
| 952 |
|
|
|t P60, <04>, [BOOK], {604}
|a SNK
|b SNK
|y VYP
|7 0
|p 17A0064287
|o snkSC 59070 D2
|0 0
|1 0
|4 0
|d 1997-04-29
|l 0
|r 2005-01-02 00:00:00
|w 2026-02-23
|
| 952 |
|
|
|a SNK
|b SNK
|y PREZ
|7 0
|p 17A0897072
|o snkSC 59070
|i snkKIP 9393/83
|0 0
|1 0
|4 0
|d 2012-08-16
|f 1
|l 0
|r 2025-06-06 00:00:00
|w 2026-02-23
|
| 952 |
|
|
|a SNK
|b SNK
|y VYP
|7 0
|p 17A0164270
|o snkSC 59070 D1
|i snkKIP 9394/83
|0 0
|1 0
|4 0
|d 1998-11-17
|l 0
|r 2005-01-02 00:00:00
|w 2026-02-23
|